000 00786nam a2200241 i 4500
001 47920
003 ES-MaACL
005 20230906161649.0
007 t|
008 030625s2002 sp ||||1| spa d
020 _a84-7030-978-1
080 _a17:61
080 _a61:17
245 0 0 _aDignidad de la vida y manipulación genética
_b: bioética, ingeniería genética, ética feminista, deontología médica /
_cJosé Mª Gª Gómez-Heras (coord.).
260 _aMadrid :
_bBiblioteca Nueva,
_c[2002]
300 _a301 p. ;
_c21 cm.
490 1 _aRazón y sociedad ;
_v17
650 4 _aBioética.
_910569
700 1 _aGómez-Heras, José María G.
_957978
830 0 _aRazón y sociedad ;
_v17
_9180621
852 _aES-MaACL
_jL-26472
_bR.131505
999 _c47920
_d47920